| 000 | 00731nam a2200205 a 4500 | ||
|---|---|---|---|
| 001 | 000011259 | ||
| 005 | 20200929162413.0 | ||
| 008 | 091015s1997 sp 000 p spa d | ||
| 040 |
_aDO-SdBNP _bspa _cBNPHU |
||
| 082 |
_axxx _bxxxx |
||
| 245 | 0 | 0 |
_aHistoria general del cine : _bEuropa y Asia (1918-1930) / _cRichard Abel... [et al.] ; prólogo Manuel Palacio, Julio Pérez Perucha. |
| 260 |
_aMadrid : _bCatedra, _c1997. |
||
| 300 |
_av. : _bil. ; _c21 cm. |
||
| 500 | _aLa biblioteca posee el volumen 5, 7 y 11 | ||
| 700 | 1 |
_aHuot-Sordot, Guido Cortell _926827 |
|
| 700 | 1 |
_aDarias, Iván _926828 |
|
| 700 | 1 |
_aElena Alberto _926829 |
|
| 700 | 1 |
_aPalacio, Manuel, _epról. _926830 |
|
| 700 | 1 |
_aPérez Perucha, Julio, _epról. _926831 |
|
| 999 |
_c10977 _d10977 |
||